01167nam a22002057a 450000500170000000800410001704000440005804100080010208200140011010000460012424501240017026000690029430000300036350003930039352000660078665000280085265000190088065000260089970000360092520230613121915.0130821n sp fr 0 i spa  aCo-BoUCMbspacSandra YazodSandra Yazo1 aspa04220a869.41 aEca de Queiroz, José Maríad1845-190010aEpistolario de Fradique Mendesb(Memorias y Notas)cJosé María Eca de Queiroz ; Traducción de Juan José Morato. aBarcelona (España)bCasa Editorial Mauccic[fecha desconocida] a222 páginasc19 x 12 cm aDetalles físicos: Encuadernación blanda (rústica) en tapas y lomo de cartulina. Perdió las primeras hojas incluida la tapa delantera. Anteportada. Portada impresa en una sola tinta. Texto impreso en una sola columna. Notas de pie de página. Índice final. Falta tapa delantera. Deterioro en lomo, con faltante. Última página impresa, rota. Desencuadernado (partido en dos). aPresentación de Fradique Mendes. Colección de sus Cartas. 7aEpistolarios zPortugal 7aCartas de amor 7aLiteratura portuguesa aMorato, Juan José etraductor